000 00544nam a22001697a 4500
005 20250505162923.0
008 250505b |||||||| |||| 00| 0 eng d
041 _aeng
082 _a720.28
_bVER
100 _aVerma Rutuja
_9211996
245 _aOptimizing Structural Performance Of Timber Gridshell Through Kerfing: An Experimental Study
260 _aPune
_bBNCA-M Arch Digital Architecture
_c2023
300 _a86pages
_bHB
_c21 x 31
365 _aINR
_b150.00
_cRupaye
500 _aThesis BNCA M Arch Digital Architectufre
942 _cPR
999 _c366205
_d366205